000 02352nam0a2200385 4500
001 RU\NLR\bibl\967292
005 20250614210100.0
021 _aRU
_b2006-30033
_91496
035 _a(nilc)RSL-KNO-002889362
035 _a(NLR Aleph) 000955273
090 _a305189
_c305189
100 _a20060524d2005 |||y0rusy50 ca
101 0 _arus
102 _aRU
105 _aa |||||||||
106 _ar
200 1 _aПрименение вычислительной техники в организации дорожного движения
_eучебное пособие
_e[для студентов специальности 190702 - организация и безопасность движения]
_fЕ. А. Аникеев, В. Е. Межов, В. Н. Харин
_gФедер. агентство по образованию, Гос. образоват. учреждение высш. проф. образования Воронеж. гос. лесотехн. акад.
210 _aВоронеж
_cВоронежская государственная лесотехническая академия
_d2005
_eВоронеж
_gТип. ООО "Сатурн"
215 _a81 с.
_cил.
_d20
320 _aБиблиогр.: с. 80 (6 назв.)
606 1 _aГородской транспорт
_jУчебные издания для высших учебных заведений
_xОрганизация движения
_xПрименение вычислительной техники
_92437484
_3RU\NLR\auth\661450326
610 0 _aТранспорт -- Автодорожный транспорт -- Автоматизация на автодорожном транспорте -- Учебник для высшей школы
610 0 _aвычислительная техника в организации дорожного движения
686 _aО375я73-1
_2rubbk
686 _aО808.02-05я73-1
700 1 _aАникеев
_bЕ. А.
_gЕвгений Александрович
_4070
701 1 _aМежов
_bВ. Е.
_gВячеслав Егорович
_4070
701 1 _aХарин
_bВ. Н.
_gВалерий Николаевич
_4070
801 0 _aRU
_bРКП
_c20060524
_grcr
801 1 _aRU
_bРГБ
_c20060524
801 2 _aRU
_bNLR
_c20060713
_grcr
942 _cBOOK
980 _aNB
980 _aNBR